A bruxinha que era boa (Record no. 56808)

MARC details
000 -LÍDER
campo de controle de tamanho fixo 00349 a2200157 4500
001 - NÚMERO DE CONTROLE
campo de controle 56808
020 ## - ISBN - INTERNATIONAL STANDARD BOOK NUMBER
ISBN - International Standard Book Number 8574060968
040 ## - FONTE DA CATALOGAÇÃO
Instituição que transcreveu o registro Anchieta - Pituba
100 ## - ENTRADA PRINCIPAL--NOME PESSOAL
Nome pessoal Machado, Maria Clara
240 10 - TÍTULO UNIFORME
Título uniforme A bruxinha que era boa
Idioma da obra por
245 10 - TÍTULO
Título A bruxinha que era boa
300 ## - DESCRIÇÃO FÍSICA
Extensão 140
362 0# - DATAS DE PUBLICAÇÃO E/OU DESIGNAÇÃO SEQUENCIAL
Datas de publicação e/ou designação sequencial 2006
650 #4 - ASSUNTO--TERMO TÓPICO
Cabeçalho tópico ou nome geográfico Literatura juvenil
942 ## - ELEMENTOS DE ENTRADA ADICIONADOS (KOHA)
Tipo de material Koha Livros
Holdings
Situação do descarte Situação das perdas Situação física Não pode ser emprestado Biblioteca de origem Biblioteca atual Data de aquisição Total de empréstimos Código de barras Data de último acesso Data do preço efetivo Tipo de material Koha Número de chamada completo
        Colégio Anchieta - Pituba Colégio Anchieta - Pituba 21/11/2023   6474/PIT 21/11/2023 21/11/2023 Livros  
        Colégio Anchieta - Pituba Colégio Anchieta - Pituba 21/11/2023   14924/PIT 21/11/2023 21/11/2023 Livros LJ 028.5 M149b MAC BRU
        Colégio Anchieta - Pituba Colégio Anchieta - Pituba 21/11/2023   18172/PIT 21/11/2023 21/11/2023 Livros LJ 028.5 M149b MAC BRU